| 000 | 01090cam a22003137a 4500 | ||
|---|---|---|---|
| 003 | CHAP | ||
| 005 | 20220329133833.0 | ||
| 008 | 971013s1972 r 00010 d | ||
| 010 | _a11607 | ||
| 011 | _a12579 | ||
| 035 | _a15765 | ||
| 040 | _cCHAP | ||
| 090 | _aFolleto 2581 | ||
| 110 |
_aMéxico. Dirección General de Conservación del Suelo y Agua _976965 |
||
| 245 | 0 | _aResúmen gráfico de trabajos de control de la erosión de los suelos y de conservación del agua de las lluvias | |
| 260 |
_aMéxico : _bLa Dirección, _c1972 |
||
| 300 |
_a40 h. _b; ilus. |
||
| 590 |
_aBATCH-UPD _b10 _c20130110 _lUCH01 _h2005 |
||
| 590 |
_aBATCH-UPD _b10 _c20130410 _lUCH01 _h1325 |
||
| 590 |
_aBATCH-UPD _b10 _c20130914 _lUCH01 _h1315 |
||
| 590 |
_aCONVERSION _b10 _c20130109 _lUCH01 _h1308 |
||
| 650 | 1 | 4 |
_aAgua _xConservacion. _92319 |
| 650 | 1 | 4 |
_aErosión _xPrevención y control. _937337 |
| 650 | 1 | 4 |
_aSuelos _xConservación. _9110283 |
| 901 | _aBK | ||
| 942 | _cFOLL | ||
| 949 |
_aFolleto 2581 _bBC _cFOLL _d-27974 _eTS1 _i15765 _si |
||
| 949 |
_aFolleto 2581 _bBC _cFOLL _d-88651 _eTS2 _fc.2 _i15765 _si |
||
| 999 |
_c11607 _d11607 |
||